000 00526nam a2200145 a 4500
001 000037171
005 20200930080203.0
008 120222c1984 cu 000 0 spa d
040 _aDO-SdBNP
_bspa
_cBNPHU
082 _axxxx
_bE43i
100 1 _aElizagaray, Alga Marina
_963582
245 1 0 _aNos interesa todo :
_bantología de materiales teóricos sobre la literatura, la pedagogía y el arte soviéticos para niños y jóvenes /
_cAlga Marina Elizagaray.
260 _aCuba :
_bGente Nueva,
_c1984.
300 _a325 p. ;
_c20 cm.
999 _c36661
_d36661